| 000 | 01234nam a2200265 i 4500 | ||
|---|---|---|---|
| 001 | bg | ||
| 245 | 0 | 0 |
_aSymulacja systemów gospodarczych / _c[red. nauk. Alicja Balcerak, Edward Radosiński, Bożena Mielczarek]. |
| 246 | 1 | 1 | _aSimulation of economic systems |
| 260 |
_aWrocław : _bOficyna Wydawnicza PW, _c2003. |
||
| 300 |
_a291 s. : _brys., tab., wykr., ; _c24 cm. |
||
| 490 | 1 |
_aPrace Naukowe Instytutu Organizacji i Zarządzania Politechniki Wrocławskiej. Studia i Materiały = _aScientific Papers of the Institut of Industrial Engineering and Management of the Wrocław University of Technology. Studies and Researches, _x0324-9468 ; _v15 |
|
| 500 | _aTyt. równol.: Simulation of economic systems. Nr serii gł.: 74. | ||
| 650 | 9 | _aGry kierownicze | |
| 650 | 9 |
_aSymulacja _xstosowanie _xnauczanie |
|
| 650 | 9 |
_aSymulacja _xstosowanie _xzarządzanie |
|
| 700 | 1 |
_aBALCERAK, Alicja. _eRed. |
|
| 700 | 1 |
_aRADOSIŃSKI, Edward. _eRed. |
|
| 700 | 1 |
_aMIELCZAREK, Bożena. _eRed. |
|
| 830 | 0 |
_aPrace Naukowe Instytutu Organizacji i Zarządzania Politechniki Wrocławskiej. _pStudia i Materiały ; _v15 |
|
| 040 | _cBPK | ||
| 041 | 0 | _apol | |
| 080 | _a65.012:004.94 | ||
| 942 | _cKS | ||
| 008 | s pl f |000 0 pol | ||
| 999 |
_c44223 _d44223 |
||
| 856 |
_uhttp://koha.tu.koszalin.pl/cgi-bin/koha/opac-detail.pl?biblionumber=44223 _yKatalog online BPK |
||